[Event "Pavlodar op"]
[Site "Pavlodar"]
[Date "2015.12.13"]
[Round "7"]
[White "Dakhaev, Islam"]
[Black "Tulegenov, Aset"]
[Result "1-0"]
[WhiteElo "1903"]
[BlackElo "1500"]
[PlyCount "41"]
[EventDate "2015.12.07"]
[EventType "swiss"]
[EventRounds "10"]
[EventCountry "KAZ"]
[SourceTitle "EXT 2017"]
[Source "ChessBase"]
[SourceDate "2016.10.25"]
[SourceVersion "1"]
[SourceVersionDate "2016.10.25"]
[SourceQuality "1"]

1. d4 d5 2. Bf4 e6 3. e3 Bd6 4. Bg3 Ne7 5. Bd3 0-0 6. Nd2 c5 7. c3 b6 8. Ngf3 f6 9. 0-0 Qc7 10. e4 Bxg3 11. hxg3 Bb7 12. Re1 cxd4 13. Nxd4 Kf7 14. Qh5+ Ng6 15. exd5 Bxd5 16. Qxh7 f5 17. Nxe6 Bxe6 18. Rxe6 Kxe6 19. Qxg6+ Kd5 20. Bxf5 Rf6 21. Qg4 1-0

[Event "Pavlodar op"]
[Site "Pavlodar"]
[Date "2015.12.08"]
[Round "3"]
[White "Kaldybayev, Orazbek"]
[Black "Tulegenov, Aset"]
[Result "1-0"]
[WhiteElo "1749"]
[BlackElo "1500"]
[PlyCount "33"]
[EventDate "2015.12.07"]
[EventType "swiss"]
[EventRounds "10"]
[EventCountry "KAZ"]
[SourceTitle "EXT 2017"]
[Source "ChessBase"]
[SourceDate "2016.10.25"]
[SourceVersion "1"]
[SourceVersionDate "2016.10.25"]
[SourceQuality "1"]

1. e4 e5 2. Nf3 Nf6 3. Nxe5 Qe7 4. d4 d6 5. Nf3 Qxe4+ 6. Be2 Bf5 7. c3 Nbd7 8. 0-0 0-0-0 9. Ng5 Qe8 10. Re1 Be7 11. Bf3 h6 12. Ne4 g5 13. Ng3 Bxb1 14. Rxb1 Rg8 15. Nf5 Kb8 16. Nxe7 Rh8 17. Nc6+ 1-0